| 000 | 00000nam 2200000za 4500 |
| 001 | 9.846630 |
| 003 | CaOODSP |
| 005 | 20221107153241 |
| 007 | cr ||||||||||| |
| 008 | 171106s1925 onco #o f000 0 eng d |
| 040 | |aCaOODSP|beng |
| 043 | |an-cn-mb |
| 086 | 1 |aA12-2/54-1925E-PDF |
| 100 | 1 |aSigfusson, S.J. |
| 245 | 10|aAlfalfa in Manitoba |h[electronic resource] : |bexperimental results from the Dominion Experimental Farm, Brandon / |cby S.J. Sigfusson. |
| 260 | |aOttawa : |bDepartment of Agriculture, |c1925. |
| 300 | |a22 p. : |bphotographs |
| 490 | 1 |aBulletin, New series ; |vno. 54 |
| 500 | |aCover title. |
| 500 | |aDigitized edition from print [produced by Agriculture and Agriifood Canada]. |
| 692 | 07|2gccst|aCrops |
| 710 | 1 |aCanada. |bAgriculture and Agri-Food Canada. |
| 710 | 1 |aCanada. |bExperimental Farms Branch. |
| 830 | #0|aBulletin (Canada. Department of Agriculture)|vno. 54|w(CaOODSP)9.812039 |
| 856 | 40|qPDF|s2.67 MB|uhttps://publications.gc.ca/collections/collection_2017/aac-aafc/A12-2-54-1925-eng.pdf |